000 00600nam a22001697a 4500
005 20260227103523.0
010 _aBACEN 26
020 _a9789369586363
_c699.00
037 _bS Chand and Company Limited
082 _a000
100 _aSharma, Priyanka
_987605
245 _aNTA UGC NET SET JRF Ph.D 2025-26 :
_cDr. Priyanka Sharma
_bteaching and research aptitude paper-1 /
260 _aNew Delhi
_bS Chand and Company Limited
_c2025
270 _aA-27,2nd floor Mohan Co-Operative Industrial Estate
_bNew Delhi
_e110044
300 _avp.
_c26cm(pb)
942 _2ddc
_cEN
_h000
_mSHA
999 _c215000
_d215000